Five Least Guessed Country Shapes by Continent - Statistics

General Stats
  • This quiz has been taken 1,583 times
  • The average score is 22 of 30
Answer Stats
Continent % Country % Correct
South America 27 {Paraguay}
88%
South America 23 {Guyana}
87%
South America 12 {Suriname}
86%
South America 13 {Uruguay}
86%
South America 22 {Bolivia}
86%
Europe 22 {Liechtenstein}
78%
Europe 21 {North Macedonia}
76%
Oceania 13 {Tuvalu}
76%
Oceania 12 {Samoa}
75%
Oceania 15 {Marshall Islands}
74%
Oceania 12 {Palau}
74%
Oceania 12 {Tonga}
73%
Africa 10 {Mauritius}
73%
North America 10 {Saint Vincent and}{the Grenadines}
73%
Europe 11 {Andorra}
73%
North America 13 {Saint Lucia}
73%
Europe 15 {San Marino}
71%
Europe 23 {Slovenia}
69%
North America 11 {Barbados}
69%
North America 12 {Grenada}
68%
North America 10 {Dominica}
67%
Asia 12 {Bhutan}
66%
Asia 15 {Bahrain}
66%
Asia 18 {Qatar}
66%
Africa 11 {Lesotho}
63%
Africa 12 {Eswatini}
62%
Africa 13 {Sierra Leone}
60%
Asia 18 {Lebanon}
60%
Africa 10 {Rwanda}
59%
Asia 17 {Cambodia}
55%
No matching quizzes found
Score Distribution
Percent of People with Each Score
Percentile by Number Answered
Your Score History
You have not taken this quiz